|
|
|
|
| LEADER |
01941nam a2200493 a 4500 |
| 001 |
nkc20132445994 |
| 003 |
CZ PrNK |
| 005 |
20130409125142.0 |
| 007 |
ta |
| 008 |
130308s2012 xr a f 100 0 cze |
| 015 |
|
|
|a cnb002445994
|
| 020 |
|
|
|a 978-80-7372-937-0
|q (brož.)
|
| 035 |
|
|
|a (OCoLC)842344526
|
| 040 |
|
|
|a BOA001
|b cze
|d ABA001
|
| 041 |
0 |
|
|a cze
|a eng
|a slo
|
| 072 |
|
7 |
|a 62
|x Technika všeobecně
|2 Konspekt
|9 19
|
| 080 |
|
|
|a 658.5:005.12
|2 MRF
|
| 080 |
|
|
|a 005.933.1
|2 MRF
|
| 080 |
|
|
|a 502.174
|2 MRF
|
| 080 |
|
|
|a (062.534)
|2 MRF
|
| 111 |
2 |
|
|a Konstruování - Green Engineering
|d (2012 :
|c Liberec, Česko)
|7 mzk2013751491
|
| 245 |
1 |
0 |
|a Národní tandemová konference Konstruování - Green Engineering :
|b Liberec, 15.11.2012 : sborník příspěvků /
|c [editor Petr Lepšík]
|
| 246 |
1 |
|
|i Název v tiráži:
|a Sborník příspěvků z národní tandemové konference Konstruování - Green Engineering
|
| 246 |
3 |
0 |
|a Konstruování - Green Engineering
|
| 250 |
|
|
|a Vyd. 1.
|
| 260 |
|
|
|a V Liberci :
|b Technická univerzita,
|c 2012
|
| 300 |
|
|
|a 178 s. :
|b il. ;
|c 21 cm +
|e 1 CD-ROM
|
| 504 |
|
|
|a Obsahuje bibliografie a bibliografické odkazy
|
| 521 |
8 |
|
|a Určeno pro odbornou veřejnost
|
| 546 |
|
|
|a Část. anglický a slovenský text
|
| 650 |
0 |
7 |
|a průmyslové inženýrství
|7 ph124748
|2 czenas
|
| 650 |
0 |
7 |
|a konstruování
|7 ph121814
|2 czenas
|
| 650 |
0 |
7 |
|a environmentálně vhodné technologie
|7 ph135494
|2 czenas
|
| 650 |
0 |
9 |
|a production engineering
|2 eczenas
|
| 650 |
0 |
9 |
|a engineering design
|2 eczenas
|
| 650 |
0 |
9 |
|a green technology
|2 eczenas
|
| 655 |
|
7 |
|a sborníky konferencí
|7 fd133333
|2 czenas
|
| 655 |
|
9 |
|a proceedings of conferences
|2 eczenas
|
| 700 |
1 |
|
|a Lepšík, Petr
|7 jx20101207008
|4 edt
|
| 910 |
2 |
|
|a BOA001
|b 2-1302.331
|
| 990 |
|
|
|a BK
|
| 995 |
|
|
|a 01
|
| 991 |
|
|
|b 201303
|c NOV
|e n
|
| 996 |
6 |
|
|b 2610542719
|c 2-1302.331
|l MZK
|r Sklad / do 1 hodiny
|n 0
|p p.v.
|w 001318426
|u 000010
|a 1
|e BOA001
|j MZK50
|s P
|